000 01376nam a22003977a 4500
001 1030475
003 BJBSDDR
005 20260413153551.0
006 a|||||r|||| 00| 0
007 ta
008 881213s1987 sp a r 000 0 spa
010 _a 88210715
020 _a8440408617
020 _a9788440408617
035 _a1030475
040 _aDLC
_cDLC
_dDLC
_bspa
041 _aspa
050 0 0 _aMLCS 93/03873 (A)
_bl34 1987
245 0 0 _aImpacto de las tecnologías avanzadas sobre el concepto de seguridad :
_bevolución cultural y tecnológica hacia el siglo XXI /
_c[autores, Manuel Castells ... et al.].
250 _a1a ed.
260 _aMadrid :
_bFEPRI :
_bDistribuidor exclusivo, Siglo XXI de España Editores,
_c1987.
300 _aviii, 168 páginas :
_billustración ;
_c21 cm.
336 _atext
_btxt
_2rdacontent
337 _aunmediated
_bn
_2rdamedia
338 _avolume
_bnc
_2rdacarrier
653 0 _aSecurity
700 1 _aCastells Oliván, Manuel,
_d1942-
_95920
700 1 _aMcGreehan, Robert
_947899
700 1 _aGonzalo, Angel Luis
_947900
700 1 _aHuntzinger, Jacques
_947901
906 _a7
_bcbc
_corignew
_d4
_encip
_f19
_gy-gencatlg
942 _2lcc
_n0
_cBK
946 _illh
999 _c126777
_d126777